Score 0/28 Timer 03:00
0 Plays Today
Hint 4-Letter Word % Correct
'The old ____ and chain'BALL
88.6%
WagersBETS
87.8%
'____ MY WORDS'MARK
85%
Alpha followerBETA
84.3%
Finishes firstWINS
83.7%
WITHOUT A DOUBTSURE
83.5%
The ungentle sex?MALE
82.7%
Pepper sprayMACE
81.8%
Your LordshipSIRE
81.3%
Days of ____ and rosesWINE
80.8%
____ ROOM FOR DADDYMAKE
80.7%
JOKER, ACE, OR TREYCARD
80.5%
OATES MUSICAL PARTNERHALL
80.4%
____ The KnifeMACK
79.3%
Hint 4-Letter Word % Correct
Wedding ringer?BELL
78.7%
Carefree songbirdLARK
78.4%
Former Italian currencyLIRE
77.2%
Lugosi, Bartok, or FleckBELA
76.2%
Tackle box spoon, spinner, or jigLURE
75.8%
Mr. Ed's Missus?MARE
75.5%
Crisco predecessorLARD
75.3%
Game, cereal, or magazineLIFE
74.9%
Swampy bogMIRE
74.6%
TAKE MY ____, PLEASE!WIFE
74.4%
In robust healthHALE
72.9%
GIMME GIMME NEVER ____GETS
50.6%
Sapphires, in Bombay?GINS
47.5%
Brit's curmudgeonsGITS
41.8%

Today's Daily Dose

Missing Word
I Hardly Know Her!

Word Ladder
Sentence Ending

Quick Pick
Female Firsts

Get the Picture
Triathlon Sports

Remove Ads.
Support Sporcle.
Get the best of Sporcle when you Go Orange. This ad-free experience offers more features, more stats, and more fun while also helping to support Sporcle. Thank you for becoming a member.

You're not logged in!

Compare scores with friends on all Sporcle quizzes.
OR
Log In

Show Comments

Extras

Top Quizzes Today


Score Distribution

Your Account Isn't Verified!

In order to create a playlist on Sporcle, you need to verify the email address you used during registration. Go to your Sporcle Settings to finish the process.

Report this User

Report this user for behavior that violates our Community Guidelines.

Details: